LEADER 01195nam a2200241 i 4500 001 000000000941 003 CaOOAMICUS 005 20230111122926.0 008 180830s1957 be u000 u fre u 040 $aSeMil$bita 245 10$aBibliotheca hagiographica graeca /$cFrançois Halkin. 260 $aBruxelles :$bSociété des Bollandistes,$c1957. 490 1 $aSubsidia hagiographica 650 4$aSanti - Biografie - Bibliografia.$0(OLS)http://semarc/subject/288 650 4$aAgiografia - Scrittori greci - Bibliografia.$0(OLS)http://semarc/subject/307 700 1 $aHalkin, François.$0(OLS)http://semarc/name/809 774 0 $tAaron-Ioannes Baptista.$dBruxelles : Société des Bollandistes, 1957.$kSubsidia hagiographica$gTome1$w()104431 774 0 $tIoannes Calybita - Zoticus.$kSubsidia hagiographica$gTome2$w()104432 774 0 $tSupplément, Appendices et Tables.$kSubsidia hagiographica$gTome3$w()104433 830 0$aSubsidia hagiographica.$0(OLS)http://semarc/title/570 996 $6245$aBibliotheca hagiographica graeca$9(OLS)http://semarc/title/1485 996 $6260$aBruxelles :$bSociété des Bollandistes$9(OLS)http://semarc/publisher/29839 LEADER 01604nam a2200313 i 4500 001 000000116874 003 CaOOAMICUS 005 20030701000000.0 008 030701s1986 gw u000 u ger u 013 $a89563 020 $a3-417-29518-1 040 $aSeMil$bita 100 1 $aThiede, Carsten Peter <1952->.$0(OLS)http://semarc/name/16993 245 14$aDie älteste Evangelien-Handschrift? :$bDas Markus-Fragment von Qumran und die Anfänge der schriftlichen Überlieferung des Neuen Testaments /$cCarsten Peter Thiede. 260 $aWuppertal :$bR. Brockhaus,$ccopyr. 1986. 300 $a80 p. ;$c19 cm. 490 0 $aWissenschaftliche Taschenbücher 500 $aFondo Card. C.M. Martini. 650 4$aBibbia - NT - Marco - Manoscritti.$0(OLS)http://semarc/subject/21572 650 4$aBibbia - NT - Marco, 6,52-53 - Rotuli del Mar Morto .$0(OLS)http://semarc/subject/6821 650 4$aRotuli del Mar Morto - [Relazione con] Nuovo Testamento.$0(OLS)http://semarc/subject/4614 830 0$aWissenschaftliche Taschenbücher.$0(OLS)http://semarc/title/12730 850 $aSeMil 852 $aSeMil$W1$xVenegono$y1$m2Y II 108$j72274$B72274$CSeMilBibl$Z2$F91787 $81 941 1 $a4 961 $aOmaggio: Martini Card. Carlo Maria 996 $6020$a3-417-29518-1$9(OLS)http://semarc/number/101100 996 $6245$aDie älteste Evangelien-Handschrift? :$bDas Markus-Fragment von Qumran und die Anfänge der schriftlichen Überlieferung des Neuen Testaments$9(OLS)http://semarc/title/171431 996 $6260$aWuppertal :$bR. Brockhaus$9(OLS)http://semarc/publisher/32319